000 00566nam a2200229Ia 4500
003 OSt
005 20221005133259.0
006 a|||||r|||| 00| 0
007 ta
008 221004b |||||||| |||| 00| 0 eng d
024 _a66410
037 _cTextual
040 _aCRL
_cCRL
_beng
041 _2eng
_aeng
082 _aY1:4, E6-;1
100 _aWells H G
245 0 _aWhat is coming ? A forecast of things after the war
260 _c1916
650 _aSOCIOLOGY
942 _hY1:4, E6-;1
_cTEXL
_2cc
999 _c1066330
_d1066330